00237nam a2200097Ia 4500008004100000100001900041245005000060260000800110260000900118546001200127170619s9999 xx 000 0 und d aJana Debashish 0aC++ and Object- Oriented Programming Paradigm bPHI c2010 aENGLISH